Stadt Mühlheim an der Ruhr/ (Titelsatznr. 80349)
[ MARC ]
| 000 -Satzkennung | |
|---|---|
| Kontrollfeld mit fester Länge | 00415nam a22001337a 4500 |
| 008 - Feld mit fester Länge zur physischen Beschreibung - Allgemeine Angaben | |
| Kontrollfeld mit fester Länge | 201208b ||||| |||| 00| 0 eng d |
| 040 ## - Katalogisierungsquelle | |
| Bearbeitungsstelle | StAFF |
| 041 ## - Sprachcode | |
| Sprachcode des Textes/der Tonspur oder des separaten Titels | ger |
| 245 ## - Titel | |
| Titel | Stadt Mühlheim an der Ruhr/ |
| Zusatz zum Titel | Frank-Rainer Hesselmann, Heinz Ingensiep, Reinhold Klugewitz, u.a. |
| 260 ## - Publikation, Vertrieb usw. (Erscheinungsvermerk) | |
| Erscheinungsort, Vertriebsort etc. | [München] |
| Name des Verlags, des Vertriebs etc. | [Kunstverlag Josef Bühn] |
| Date of publication, distribution, etc | [1989] |
| 300 ## - Physische Beschreibung | |
| Umfang | 183 Seiten : |
| Andere physische Details | zahlr. Ill. |
| 942 ## - Zusätzliche Felder (Koha) | |
| Klassifikation oder Aufstellungssystematik | Andere/Generische Klassifikation |
| Koha-Medientyp | Bücher |
| Ausgeschieden | Verloren | Klassifikation oder Aufstellungssystematik | Beschädigt | Nicht entleihbar | Permanenter Standort | Aktueller Standort | Aufstellungsort | Erwerbungsdatum | Kodierter Standort-Qualifier | Anzahl Ausleihen | Signatur | Letzte Aktivität | Exemplarnummer | Preis gültig von | Medientyp |
|---|---|---|---|---|---|---|---|---|---|---|---|---|---|---|---|
| Andere/Generische Klassifikation | Stadtarchiv Frankfurt (Oder) | Archivbibliothek | Stadtarchiv Frankfurt (Oder) | Archivbibliothek | Magazin | 08/12/2020 | M | III: 1899 | 08/12/2020 | 203/2020 | 08/12/2020 | Bücher |